ਸ਼ਹੀਦ-ਏ- ਆਜਮ ਭਗਤ ਸਿੰਘ ਕਾਵਿ / (Record no. 109636)
[ view plain ]
| 000 -LEADER | |
|---|---|
| fixed length control field | 01063nam a22002417a 4500 |
| 005 - DATE AND TIME OF LATEST TRANSACTION | |
| control field | 20170123164140.0 |
| 010 ## - LIBRARY OF CONGRESS CONTROL NUMBER | |
| LC control number | B-133543 |
| 020 ## - INTERNATIONAL STANDARD BOOK NUMBER | |
| International Standard Book Number | 812374465 |
| Terms of availability | 115.00 |
| 035 ## - SYSTEM CONTROL NUMBER | |
| System control number | B-133543 |
| 040 ## - CATALOGING SOURCE | |
| Original cataloging agency | DPL |
| Language of cataloging | PN |
| 082 ## - DEWEY DECIMAL CLASSIFICATION NUMBER | |
| Classification number | 851 |
| Item number | ਸ਼ਹੀਦ |
| 100 ## - MAIN ENTRY--PERSONAL NAME | |
| Personal name | |
| 9 (RLIN) | 15664 |
| 245 ## - TITLE STATEMENT | |
| Title | ਸ਼ਹੀਦ-ਏ- ਆਜਮ ਭਗਤ ਸਿੰਘ ਕਾਵਿ / |
| Statement of responsibility, etc | ਧਰਮਪਾਲ ਸਿੰਗਲ [ਅਤੇ] ਬਲਦੇਵ ਸਿੰਘ ਬੱਦਨ |
| 246 ## - VARYING FORM OF TITLE | |
| Title proper/short title | Shed-E-azam bhagat singh kaavi |
| Remainder of title | edited by Dharampal singal [and] Baldev singh baddan |
| 260 ## - PUBLICATION, DISTRIBUTION, ETC. (IMPRINT) | |
| Place of publication, distribution, etc | ਨਵੀਂ ਦਿੱਲੀ |
| Name of publisher, distributor, etc | ਨੈਸ਼ਨਲ ਬੁਕ ਟਰੱਸਟ |
| 270 ## - ADDRESS | |
| Address | ਏ-5, ਗਰੀਨ ਪਾਰਕ |
| City | ਨਵੀਂ ਦਿੱਲੀ |
| Postal code | 10016 |
| 300 ## - PHYSICAL DESCRIPTION | |
| Extent | 353p. |
| Dimensions | 21(pbk) |
| 650 ## - SUBJECT ADDED ENTRY--TOPICAL TERM | |
| Topical term or geographic name as entry element | ਪੰਜਾਬੀ ਸਾਹਿਤ |
| Form subdivision | ਜੀਵਨੀ |
| 9 (RLIN) | 15665 |
| 650 ## - SUBJECT ADDED ENTRY--TOPICAL TERM | |
| Topical term or geographic name as entry element | Punjabi Literature |
| Form subdivision | Biography |
| 9 (RLIN) | 1698 |
| 700 ## - ADDED ENTRY--PERSONAL NAME | |
| Personal name | ਸਿੰਗਲ, ਧਰਮਪਾਲ |
| 9 (RLIN) | 4298 |
| 700 ## - ADDED ENTRY--PERSONAL NAME | |
| Personal name | ਬੱਦਨ, ਬਲਦੇਵ ਸਿੰਘ |
| 9 (RLIN) | 4299 |
| 942 ## - ADDED ENTRY ELEMENTS (KOHA) | |
| Source of classification or shelving scheme | Dewey Decimal Classification |
| Koha item type | Punjabi Bks |
| Classification part | 851 |
| Call number suffix | ਸ਼ਹੀਦ |
| Withdrawn status | Lost status | Damaged status | Not for loan | Home library | Current library | Date acquired | Source of acquisition | Cost, normal purchase price | Total Checkouts | Full call number | Barcode | Date last seen | Copy number | Cost, replacement price | Price effective from | Koha item type |
|---|---|---|---|---|---|---|---|---|---|---|---|---|---|---|---|---|
| Central Library | Central Library | 02/06/2015 | Cen Lib / Ret | 115.00 | 851 ਸ਼ਹੀਦ | B-133543 | 02/06/2015 | 1 | 115.00 | 15/09/2016 | Punjabi Bks |
